000 00495nam a22001697a 4500
003 OSt
005 20220929233832.0
008 220929b |||||||| |||| 00| 0 eng d
020 _a959-262-005-9
040 _cBiblioteca Lado V
082 _a748.62
_bM425i
100 _939
_aMateo, David
_eautor
245 _aIncursión en el Grabado Cubano/
_b1949-1997/
260 _aCuba
_bArtecubano Ediciones
_c2001
300 _a182p.
_c21x21cm
942 _2ddc
_c1
_h748.62
_iM425i
_n0
999 _c2149
_d2149